000 00245nam a2200109Ia 4500
008 190216s9999||||xx |||||||||||||| ||und||
100 _aRajan Sv
245 0 _aCost Accounting
260 _bSulthan Chand&Sons
_c1963
300 _a470p
942 _cBK
999 _c4442
_d4442